5 Countries Click Quiz #8 - Statistics

General Stats
  • This quiz has been taken 76 times
  • The average score is 11 of 15
Answer Stats
Hint Answer % Correct
Capital is Vienna? Austria
97%
Capital is Ottawa? Canada
95%
Capital is Thimphu? Bhutan
92%
Capital has same name as country? Singapore
92%
Capital is Ljubljana? Slovenia
92%
Has the longest coastline? Canada
89%
Not allowed to chew gum? Singapore
87%
Nickname is "Lion City" or "Garden City"? Singapore
82%
Nickname is the "Great White North"? Canada
74%
Nickname is "Land of the Thunder Dragon"? Bhutan
68%
Sewing machine was invented here? Austria
47%
Only carbon negative country? Bhutan
42%
Has over 10,000 caves? Slovenia
42%
Most beekeepers per capita? Slovenia
32%
Has longest ice cave? Austria
19%
No matching quizzes found
Score Distribution
Percent of People with Each Score
Percentile by Number Answered
Your Score History
You have not taken this quiz